Mechanisms and dynamics of machinery (Record no. 546101)
[ view plain ]
| 000 -LEADER | |
|---|---|
| fixed length control field | 00555cam a22001691 4500 |
| 082 ## - DEWEY DECIMAL CLASSIFICATION NUMBER | |
| Classification number | 621.8 |
| Author Mark | MAB |
| -- | L-5 P-14. |
| 100 1# - MAIN ENTRY--PERSONAL NAME | |
| Personal name | Mabie, Hamilton H. |
| 9 (RLIN) | 41960 |
| 245 10 - TITLE STATEMENT | |
| Title | Mechanisms and dynamics of machinery |
| Statement of responsibility, etc. | [by] Hamilton H. Mabie [and] Fred W. Ocvirk. |
| 260 ## - PUBLICATION, DISTRIBUTION, ETC. | |
| Place of publication, distribution, etc. | New York, |
| Name of publisher, distributor, etc. | Wiley, |
| Date of publication, distribution, etc. | [c1957] |
| 300 ## - PHYSICAL DESCRIPTION | |
| Extent | xii, 442 p. |
| Other physical details | illus. |
| Dimensions | 24 cm. |
| 526 ## - STUDY PROGRAM INFORMATION NOTE | |
| Program name | 0 |
| Interest level | 0 |
| Reading level | 0 |
| Title point value | 621_800000000000000_MAB |
| 650 #0 - SUBJECT ADDED ENTRY--TOPICAL TERM | |
| Topical term or geographic name entry element | Machinery, Kinematics of. |
| 9 (RLIN) | 40636 |
| 650 #0 - SUBJECT ADDED ENTRY--TOPICAL TERM | |
| Topical term or geographic name entry element | MCE |
| 9 (RLIN) | 379 |
| 650 #0 - SUBJECT ADDED ENTRY--TOPICAL TERM | |
| Topical term or geographic name entry element | Mechanical movements. |
| 9 (RLIN) | 35948 |
| 700 1# - ADDED ENTRY--PERSONAL NAME | |
| Personal name | Ocvirk, Fred W., |
| 9 (RLIN) | 41961 |
| 942 ## - ADDED ENTRY ELEMENTS (KOHA) | |
| Source of classification or shelving scheme | |
| Koha item type | Book |
| Withdrawn status | Lost status | Source of classification or shelving scheme | Damaged status | Not for loan | Permanent Location | Current Location | Date acquired | Total Checkouts | Full call number | Barcode | Date last seen | Price effective from | Koha item type |
|---|---|---|---|---|---|---|---|---|---|---|---|---|---|
| Military College of Engineering (MCE) | Military College of Engineering (MCE) | 06/03/2014 | 621.8 MAB | MCE-2574 | 06/03/2014 | 06/03/2014 | Book |
